Narrative of march of Company A, engineers from Fort Leavenworth, Kans. to Fort Bridger, Utah and return, May 6-Oct. 3, 1858; contribution to history of U.S. Corps of Engineers.

Bibliographic Details
Corporate Author: United States. Army. Corps of Engineers
Other Authors: Seville, William P.
Format: Government Document eBook
Language:English
Published: Washington : [publisher not identified], 1912.
Series:Engineer School Occasional Papers No. 48
Subjects:
Online Access:Connect to the full text of this electronic document

MARC

Tag First Indicator Second Indicator Subfields
LEADER 00000cam a22000001a 4500
001 in00003704331
005 20190408182247.0
006 m o d f
007 cr bn mmmapmmp
008 040322s1912 dcu o f000 0 eng d
035 |a ebd1910309273 
040 |a UMI  |c UMI  |d UtOrBLW 
086 0 |a W 7.16/2:48 
099 |a W7.16-48 
245 0 0 |a Narrative of march of Company A, engineers from Fort Leavenworth, Kans. to Fort Bridger, Utah and return, May 6-Oct. 3, 1858; contribution to history of U.S. Corps of Engineers. 
264 1 |a Washington :  |b [publisher not identified],  |c 1912. 
300 |a 1 online resource (46 pages) 
336 |a text  |b txt  |2 rdacontent 
337 |a computer  |b c  |2 rdamedia 
338 |a online resource  |b cr  |2 rdacarrier 
490 0 |a Engineer School Occasional Papers No. 48 
500 |a Record is based on bibliographic data in ProQuest U.S. Executive Branch Documents, 1910-1932. Reuse except for individual research requires license from ProQuest, LLC. 
533 |a Electronic reproduction.  |b [Bethesda, Md.] :  |c ProQuest,  |d 2012.  |e digital, PDF file.  |n ProQuest U.S. Executive Branch Documents, 1910-1932.  |n Mode of access: World Wide Web via ProQuest website. 
538 |a System requirements: PDF reader software. 
500 |a Electronic resource. 
610 1 0 |a United States.  |b Army.  |b Corps of Engineers.  |0 http://id.loc.gov/authorities/names/n79069640 
650 0 |a Military engineers.  |0 http://id.loc.gov/authorities/subjects/sh85085195 
651 0 |a Fort Bridger (Wyo.)  |0 http://id.loc.gov/authorities/names/n82006830 
655 7 |a Electronic books.  |2 local 
700 1 |a Seville, William P.  |0 http://id.loc.gov/authorities/names/n88106581 
710 1 |a United States.  |b Army.  |b Corps of Engineers.  |0 http://id.loc.gov/authorities/names/n79069640 
776 1 8 |i Microfiche version:  |t Narrative of march of Co. A, engineers from Fort Leavenworth, Kans. to Fort Bridger, Utah and return, May 6-Oct. 3, 1858; contribution to history of U.S. Corps of Engineers  |o CIS US Exec MF W7.16-48  |w (ProQuest)cis191304864 
856 4 0 |u http://proxy.library.tamu.edu/login?url=http://congressional.proquest.com/congressional/docview/t66.d71.w7.16-48  |z Connect to the full text of this electronic document  |t 0 
999 f f |s 718cd96b-195a-30d1-b992-43c22bd0b2a0  |i 897e2a4d-0c49-3cfb-8db0-1a0429453878  |t 0 
952 f f |a Texas A&M University  |b College Station  |c Electronic Resources  |d Available Online  |t 0  |h No information provided 
998 f f |t 0  |l Available Online